| Tag |
First Indicator |
Second Indicator |
Subfields |
| LEADER |
00000cam a2200000 4500 |
| 001 |
in00003880021 |
| 005 |
20190415192924.0 |
| 006 |
m o d |
| 007 |
cr |n||||||||n |
| 008 |
850102s1787 xxu|||| o o00| | eng c |
| 035 |
|
|
|a (CU-RivES)W30532
|
| 035 |
|
|
|a (Uk-ES)006456578
|
| 035 |
|
|
|a (OCoLC)511191742
|
| 040 |
|
|
|a MWA
|c MWA
|d CU-RivES
|d CStRLIN
|d Cengage Gale
|d UtOrBLW
|
| 050 |
|
4 |
|a Z1215
|b .U558 1787
|
| 110 |
1 |
|
|a United States.
|0 http://id.loc.gov/authorities/names/n79065871
|
| 240 |
1 |
0 |
|a Constitution
|
| 245 |
1 |
4 |
|a The Constitution, proposed for the government of the United States of America, by the Foederal Convention, held at Philadelphia, in the year one thousand seven hundred and eighty-seven :
|b To which is annexed, the ratification thereof by the delegates of Pennsylvania in the state convention.
|
| 264 |
|
3 |
|a Philadelphia :
|b Printed by Hall and Sellers,
|c M.DCC.LXXXVII. [1787]
|
| 300 |
|
|
|a 1 online resource (24 pages)
|
| 336 |
|
|
|a text
|b txt
|2 rdacontent
|
| 337 |
|
|
|a computer
|b c
|2 rdamedia
|
| 338 |
|
|
|a online resource
|b cr
|2 rdacarrier
|
| 510 |
4 |
|
|a Evans,
|c 20803
|
| 510 |
4 |
|
|a English Short Title Catalog,
|c W30532.
|
| 500 |
|
|
|a Reproduction of original from Library of Congress.
|
| 500 |
|
|
|a Electronic resource.
|
| 650 |
|
0 |
|a Constitutions
|z United States
|v Early works to 1800.
|
| 655 |
|
7 |
|a Electronic books.
|2 local
|
| 700 |
1 |
|
|a Hall, David,
|d 1755-1821,
|e printer.
|0 http://id.loc.gov/authorities/names/n88144098
|
| 700 |
1 |
|
|a Sellers, William,
|d 1725?-1804,
|e printer.
|0 http://id.loc.gov/authorities/names/n88093565
|
| 710 |
2 |
|
|a Gale (Firm)
|0 http://id.loc.gov/authorities/names/no2008071348
|
| 740 |
0 |
|
|a Constitution, proposed for the government of the United States of America ...
|
| 752 |
|
|
|a United States
|b Pennsylvania
|d Philadelphia.
|
| 856 |
4 |
0 |
|u http://proxy.library.tamu.edu/login?url=http://find.galegroup.com/ecco/infomark.do?contentSet=ECCOArticles&docType=ECCOArticles&bookId=1547300500&type=getFullCitation&tabID=T001&prodId=ECCO&docLevel=TEXT_GRAPHICS&version=1.0&source=library&userGroupName=txshracd2898
|z Connect to the full text of this electronic book
|t 0
|
| 999 |
f |
f |
|s eaf586ca-88e0-352b-94db-8a9363663e78
|i 0ad3067b-d4f5-39cc-aa1c-d301639752c4
|t 0
|
| 952 |
f |
f |
|a Texas A&M University
|b College Station
|c Electronic Resources
|d Available Online
|t 0
|e Z1215 .U558 1787
|h Library of Congress classification
|
| 998 |
f |
f |
|a Z1215 .U558 1787
|t 0
|l Available Online
|